Statistiques concernant Pokémon- Le premier...

Cliquez ici pour prendre le quiz!

Statistiques générales

  • Ce quiz a été pris 31 fois
  • Le résultat moyen est 15 sur 22

Statistiques - réponses

CaractéristiquePokémon% Correct
Le premier Champion d'ArènePierre
96%
Le premier Pokémon à avoir obtenu une évolution ou une préévolution dans une génération différente de la siennePikachu
92%
Le premier Pokémon de l'équipe de Red lors du combat au Mont Argenté dans les jeux qui se déroulent à JohtoPikachu
92%
Le premier Pokémon CAPTURE par SachaChenipan
88%
Le premier Pokémon fabuleuxMew
88%
Le premier Pokémon à double typeBulbizarre
76%
Le premier Pokémon à avoir plusieurs évolutions possibles
Evoli (dans l'ordre d'apparition des évolutions)
Ortide (dans l'ordre du Pokédex)
76%
Le premier Pokémon de la 5ème générationVictini
76%
Le premier Pokémon préhistoriqueAmonita
72%
Le premier Pokémon de type Fée
Flabébé (dans l'ordre d'apparition)
Mélofée (dans l'ordre du Pokédex)
72%
Le premier Bébé PokémonPichu
72%
Le premier Pokémon à être apparu dans la mythologie PokémonArceus
68%
Le premier Pokémon à évoluer par échangeKadabra
68%
Le premier Pokémon de type AcierMagnéti
68%
Le premier membre du Conseil 4Olga
64%
Le premier Pokémon de type TénèbresNoctali (dans l'ordre d'apparition)
Rattata d'Alola (dans l'ordre du Pokédex)
60%
Le premier Pokémon sans évolution ni préévolutionCanarticho (dans sa génération)
Kangourex (tout court)
56%
Le premier jeu Pokémon qui laisse le choix entre un garçon et une fille pour jouer l'aventureCristal
52%
Le premier remake/remastered d'un jeu de la série principaleJaune
52%
Le premier Pokémon à ne pas pouvoir être affecté par des attaques super efficacesTénéfix
52%
Le premier Pokémon à avoir été révélé aux joueurs par un jeu PokémonNidorino
28%
Le premier Pokémon à pouvoir dés-évoluerAucun
4%

Distribution des résultats

Percentile par nombre de réponses

% des personnes avec chaque résultat

Votre développement - résultats

Vous n’avez pas pris ce quiz